000 01267nam0a2200277 4500
001 RU\NLR\bibl\543582
005 20250609154540.0
021 _aRU
_b2004-25353
_91282
035 _a(NLR Aleph) 000535811
090 _a1381915
_c1381915
100 _a20040806d2004 |||y0rusy50 ca
101 0 _arus
102 _aRU
105 _ay |||||||||
200 1 _aЭффективность обеспечения конкурентоспособности фармацевтических товаров и услуг в условиях рыночной экономики
_fД.С. Колесник
_gМ-во образования Рос. Федерации, Гос. образоват. учреждение высш. проф. образования "С.-Петерб. гос. ун-т экономики и финансов"
205 _a[Препр.]
210 _aСПб.
_cИзд-во СПбГУЭФ
_d2004
215 _a16 с.
_d20
606 0 _aФармацевтические товары
_xРынки
_92318991
_3RU\NLR\auth\661387440
686 _aР11(2)26
700 1 _aКолесник
_bД. С.
_gДмитрий Сергеевич
_4070
801 0 _aRU
_bNLR
_c20040806
_gPSBO
801 1 _aRU
_bNLR
_c20040806
942 _cBOOK
980 _aNB